| 000 | 00379pam a2200145 a 4500 | ||
|---|---|---|---|
| 020 |
_a978-0-07-063435-0 _c |
||
| 041 | _h | ||
| 082 | _a620.1 | ||
| 100 |
_aCrouse W H & Anglin D L _eAuthor |
||
| 245 |
_aAutomotive Mechanics _cCrouse W H & Anglin D L _hTextual Documents |
||
| 250 | _a10th ED | ||
| 260 |
_bMcGraw Hill Education Pvt. Ltd _c2015 |
||
| 300 | _a820 | ||
| 930 | _a150 | ||
| 999 |
_c244384 _d244384 |
||